000 01060nam a2200229Ia 4500
001 L455-25464
003 IT-CnALBA
008 170116s9999||||xx |||||||||||||| ||und||
040 _aIT-CnALBA
_cIT-CnALBA
041 _aITALIANO
100 _aMIGLIORINI BRUNO
245 0 _aLA LINGUA ITALIANA D'OGGI.
250 _a1a ed.
260 _a TO
_bERI EDIZ. RAI RADIOTELEV. ITALIANA
_c1964 [1° Ed.: n.d.]
300 _a83 p. (prefazione: 5)
500 _aLINGUA OGGI E NEI SECOLI PASSATI. MUTAMENTO LINGUISTICO. VITA MODERNA. LINGUA PARLATA E LINGUA SCRITTA. DUBBI GRAMMATICALI. L'ACCENTO. PRONUNZIA. NEOLOGISMI. DIALETTI. PAROLE STRANIERE.
501 _aSocietà San Paolo EM - Piazza San Paolo, 14 - 12051 ALBA (CN) (non commercial uses only) ® Copyright 2017
520 _aLINGUA OGGI E NEI SECOLI PASSATI. MUTAMENTO LINGUISTICO. VITA MODERNA. LINGUA PARLATA E LINGUA SCRITTA. DUBBI GRAMMATICALI. L'ACCENTO. PRONUNZIA. NEOLOGISMI. DIALETTI. PAROLE STRANIERE.
650 _aGRAMMATICHE DELLA LINGUA ITALIANA
942 _cBK
957 _71
999 _a30251
_bNO
_g Copie: 1
_c284577
_d284577